El minusválido físico y su entorno
-д хадгалсан:
| Үндсэн зохиолчид: | , |
|---|---|
| Формат: | Ном |
| Хэл сонгох: | испани |
| Хэвлэсэн: |
Barcelona
Paidós
1995
|
| Цуврал: | Psicología, Psiquiatría, Psicoterapia, 145
|
| Нөхцлүүд: | |
| Шошгууд: |
Шошго нэмэх
Шошго байхгүй, Энэхүү баримтыг шошголох эхний хүн болох!
|
MARC
| LEADER | 00000nam a2200000 a 4500 | ||
|---|---|---|---|
| 001 | UCQ1390 | ||
| 003 | CL-VaPUC | ||
| 008 | 980710e19950000SP |||||||||||||||||spa|d | ||
| 082 | 0 | 4 | |a 155.9 |b COR |2 21 |
| 100 | 0 | |a Corominas, Ramón |e author |9 415152 | |
| 700 | 0 | |a Sanz, María Jesús |e author |9 415153 | |
| 245 | 1 | 3 | |a El minusválido físico y su entorno |
| 300 | |a 172 p | ||
| 942 | |c BK | ||
| 945 | |d 19980710 00:00:00 |a aalvarez | ||
| 260 | |a Barcelona |b Paidós |c 1995 | ||
| 650 | 0 | |a Educación especial |9 307486 | |
| 650 | 7 | |a MINUSVALIDOS |2 CL-VaPUC |9 310184 | |
| 650 | 7 | |a PSICOMOTRICIDAD |2 CL-VaPUC |9 241072 | |
| 650 | 7 | |a EDUCACION PSICOMOTRIZ |2 CL-VaPUC |9 307559 | |
| 650 | 0 | |a Problemas sociales |9 258537 | |
| 583 | |a last modification |c 19980710 00:00:00 |k Rodrigo Vera | ||
| 490 | 0 | |a Psicología, Psiquiatría, Psicoterapia, 145 | |
| 999 | |c 272389 |d 272387 | ||
| 952 | |0 0 |1 0 |4 0 |6 155_900000000000000_COR_1995 |7 0 |8 A |9 307305 |a BIBEDU |b BIBEDU |d 2019-11-20 |i 3440079 |l 1 |o 155.9 COR 1995 |p 3440079 |r 2022-04-05 |s 2022-03-29 |w 2019-11-20 |y BK |k BME | ||